000 00340 a2200169 4500
001 179641
020 _a
040 _cMagnum
100 _aMazzetti, Maria
240 1 0 _aSuperurgente
_lpor
245 1 0 _aSuperurgente
300 _a16
362 0 _a1988
440 1 _aAo Livro Técnico
697 _aLITERATURA INFANTO
942 _cBK
999 _c179641
_d179641